000 00435nam a22001817a 4500
005 20180720115448.0
008 160503b xxu||||| |||| 00| 0 eng d
020 _a978-007125930-9
041 _aeng
082 _b1215
_a658.3
100 _aLuthans, Fred
_92048
245 _aOrganisational Behaviour
250 _a11th ed.
260 _bMcGRAW HILL
_c2008
_anew delhi
300 _a591p,
650 _aManagement
_9241
942 _cBK
999 _c493
_d493